000 00870nam a22002657a 4500
001 BR9500359
003 BR-BrBNA
005 20230928094418.0
007 ta
008 230509b bl.||||| |||| 00| 0 por d
040 _aBR-BrBNA
_bpor
_cBiblioteca Nacional de Agricultura
041 _a(Por)
072 _aE14
_b1910
090 _ 1910 BR9500359
110 1 _aBanco Central do Brasil, Brasilia, DF (Brasil)
_91041
245 1 _aRelatorio preliminar 2. - 1976 Programa de avaliacao e ajustamento da tecnologia e metodologia de projetos. Programa especial para formacao de pastagem sob tecnicas modernas
260 3 _aBrasilia, DF (Brasil):
_c1976.
300 _a149 p.
500 _a20 illus.; 160 tables
650 _aPastagem
650 _aProjeto Agricola
650 _aTransferencia de Tecnologia
909 _a202309
_bLucia
_c55
_dLucia Elande
942 _cBK
999 _c50592
_d50592